000 00710nam a2200229 a 4500
001 569590
005 20241106171023.0
008 890414s1988 enk b 001 0 eng
020 _a0297793543
020 _a9780297793540
050 0 0 _aKD7111.A7
_bZ35 1988
082 0 0 _a347.42/012/02648
_a344.2071202648
_220
100 1 _aZander, Michael.
245 1 0 _aCases and materials on the English legal system /
_cMichael Zander.
250 _a5th ed.
260 _aLondon :
_bWeidenfeld and Nicolson,
_c1988.
300 _axxix, 641 p. ;
_c22 cm.
_bIndex
440 0 _aLaw in context
650 0 _aCourts
_zGreat Britain
_xCases.
650 0 _aProcedure (Law)
_zGreat Britain
_xCases.
942 _2lcc
_cBK
_e5th Ed.
_n0
999 _c735
_d735